FEMINISM ETHICAL ISSUE VOL-1 (Record no. 206645)

MARC details
000 -LEADER
fixed length control field 00343nam a2200145Ia 4500
008 - FIXED-LENGTH DATA ELEMENTS--GENERAL INFORMATION
fixed length control field 220928s9999 xx 000 0 und d
082 ## - DEWEY DECIMAL CLASSIFICATION NUMBER
Item number SAH
100 ## - MAIN ENTRY--PERSONAL NAME
Personal name SAHAY, YAMINI
245 #0 - TITLE STATEMENT
Title FEMINISM ETHICAL ISSUE VOL-1
250 ## - EDITION STATEMENT
Edition statement 1ST
260 ## - PUBLICATION, DISTRIBUTION, ETC.
Name of publisher, distributor, etc. CO-OPERATION PUBLICATION, JAIPUR
Date of publication, distribution, etc. 2013
300 ## - PHYSICAL DESCRIPTION
Extent 188
650 ## - SUBJECT ADDED ENTRY--TOPICAL TERM
Topical term or geographic name entry element General
942 ## - ADDED ENTRY ELEMENTS (KOHA)
Koha item type Book
Holdings
Withdrawn status Lost status Damaged status Not for loan Home library Current library Shelving location Date acquired Total Checkouts Barcode Date last seen Price effective from Koha item type Public note
        Mewar University Central Library Mewar University Central Library Donated 20/01/2014   DN779 28/09/2022 20/01/2014 Book Humanities and Fine Arts R-14 S-2